000 00800nam a2200241Ii 4500
003 JO-AjNU
008 230605s9999||||xx |||||||||||||| ||und||
017 _a2003/1940
020 _a977-5167-77-9
040 _aJO-AjNU
_bara
_erda
_cJO-AjNU
041 _aara
050 1 4 _aTJ410. A73 2002
100 3 _aالعروسي، حسين,
_eauthor
_914685
245 0 0 _aالشمس ام الطاقات وانظفها
250 _aط2
264 3 1 _aالاسكندرية: مكتبة المعارف الحديثة، 2002
300 _a100ص
336 _atext
_btxt
_2rdacontent
337 _aunmediated
_bn
_2rdamedia
338 _avolume
_bnc
_2rdacarrier
490 0 _aسلسلة العلوم والتكنولوجيا للجميع العدد الثاني
650 4 _aالشمس-الطاقة
_914686
999 _aA3974
_c7542
_d7542